Ensayo de Bibliografía Marítima Española / (Record no. 113623)

MARC details
000 -LEADER
campo de control de longitud fija 00660nam a2200181 4500
001 - NÚMERO DE CONTROL
campo de control 113623
003 - IDENTIFICADOR DE NÚMERO DE CONTROL
campo de control ES-MaACL
005 - FECHA Y HORA DE LA ÚLTIMA TRANSACCIÓN
campo de control 20230906185948.0
007 - CAMPO FIJO DE DESCRIPCIÓN FÍSICA--INFORMACIÓN GENERAL
campo de control de longitud fija t|
008 - DATOS DE LONGITUD FIJA--INFORMACIÓN GENERAL
campo de control de longitud fija 061121s1943 sp r ||||1| spa d
100 1# - ENTRADA PRINCIPAL--NOMBRE DE PERSONA
Nombre de persona Palau Claveras, Agustín.
9 (RLIN) 88494
245 10 - MENCIÓN DEL TÍTULO
Título Ensayo de Bibliografía Marítima Española /
Mención de responsabilidad, etc. redactado bajo la dirección de Agustín Palau Claveras y Eduardo Ponce de León.
260 ## - PUBLICACIÓN, DISTRIBUCIÓN, ETC.
Lugar de publicación, distribución, etc. Barcelona :
Nombre del editor, distribuidor, etc. Diputación Provincial,
Fecha de publicación, distribución, etc. 1943.
300 ## - DESCRIPCIÓN FÍSICA
Extensión CIII, 61 p., lám. ;
Dimensiones 35 cm.
700 1# - ENTRADA AGREGADA--NOMBRE PERSONAL
Nombre de persona Ponce de León, Eduardo.
9 (RLIN) 92946
710 2# - ENTRADA AGREGADA--NOMBRE DE ENTIDAD CORPORATIVA
Nombre de entidad corporativa o nombre de jurisdicción como elemento de entrada Barcelona (Provincia).
Unidad subordinada Diputación Provincial.
9 (RLIN) 2148
852 ## - LOCALIZACIÓN
Ubicación ES-MaACL
Número de control de estantería F-15888
Sublocalización o colección R.20628
Holdings
Estatus retirado Estado de pérdida Estado de daño No para préstamo Biblioteca de origen Biblioteca actual Ubicación en estantería Fecha de adquisición Fuente de adquisición Total de préstamos Signatura topográfica completa Código de barras Visto por última vez Precio de reemplazo Tipo de ítem Koha
        Biblioteca del Ateneo de Madrid Biblioteca del Ateneo de Madrid Sala Pecera Planta 2 17/01/2008     F-15888 1118500 23/02/2023 23/02/2023 Libro impreso